000 00440nam a22001577a 4500
008 230515b |||||||| |||| 00| 0 eng d
040 _aNational Science Library
_cNational Science Library
080 _a551.46/48(05)
245 _aAdvances in hydroscience
260 _aNew York:
_bAcademic Press,
_c1965
300 _axi, 288p.
500 _aVol. 2 1965
650 _aHydroscience
700 _aChow, Ven Te (Ed.)
942 _2udc
_cBK
999 _c58299
_d58299